| 000 | 00716nam a2200217 a 4500 | ||
|---|---|---|---|
| 005 | 20210219160442.0 | ||
| 008 | 081108s2000 mx r 000 0 spa d | ||
| 020 | _a9221131157 | ||
| 035 | _aUPN01000165661 | ||
| 049 | _aUNE | ||
| 080 | _aOC 31: 371.12 (100) =20 "2002" SIN. | ||
| 100 | 1 | _aSiniscalco, María Teresa | |
| 245 | 1 | 0 | _aA statistical profile of the teaching profession/ by María Teresa Siniscalco. |
| 260 | _aParis: UNESCO; Geneva: ILO, 2002. | ||
| 690 | _aCondiciones de empleo de los docentes | ||
| 690 | _aEstadísticas educacionales | ||
| 690 | _aCalificaciones del docente | ||
| 690 | _aRenumeración del docente | ||
| 710 | 2 | _aOIT. Oficina Internacional de Trabajo | |
| 905 | _aUNESCO | ||
| 999 |
_c137773 _d137773 |
||